Central Library OPAC University of Rajshahi

ব্যাঙের শ্বশুর বাড়ি / (Record no. 63500)

MARC details
000 -LEADER
fixed length control field 00750nam a2200229 a 4500
001 - CONTROL NUMBER
control field 63500
003 - CONTROL NUMBER IDENTIFIER
rucl marc code BD-RjUL
005 - DATE AND TIME OF LATEST TRANSACTION
control field 20211209081214.0
008 - FIXED-LENGTH DATA ELEMENTS--GENERAL INFORMATION
fixed length control field 170130b2010 bg ||||| |||| 00| 0 ben d
020 ## - INTERNATIONAL STANDARD BOOK NUMBER
International Standard Book Number 9789848867129
Terms of availability : Tk.50.00
035 ## - SYSTEM CONTROL NUMBER
System control number (BD-RjUL)63629
040 ## - CATALOGING SOURCE
Original cataloging agency BD-RjUL
Language of cataloging ben
Transcribing agency BD-RjUL
Modifying agency BD-RjUL
041 ## - LANGUAGE CODE
Language code of text/sound track or separate title ben
082 ## - DEWEY DECIMAL CLASSIFICATION NUMBER
Edition number 23
Classification number 891.441
Author mark and year AHB 2009
100 ## - MAIN ENTRY--PERSONAL NAME
Personal name আহমদ, রাজু
9 (RLIN) 170417
245 10 - TITLE STATEMENT
Title ব্যাঙের শ্বশুর বাড়ি /
Statement of responsibility, etc. রাজু আহমদ
260 ## - PUBLICATION, DISTRIBUTION, ETC. (IMPRINT)
Place of publication, distribution, etc. রাজশাহী :
Name of publisher, distributor, etc. ঐশিক,
Date of publication, distribution, etc. ২০০৯
300 ## - PHYSICAL DESCRIPTION
Pagination ৪০ পৃ. ;
Size ২৩ সেমি.
650 ## - SUBJECT ADDED ENTRY--TOPICAL TERM
Topical term or geographic name as entry element বাংলা কবিতা
9 (RLIN) 179513
Topical term or geographic name as entry element Bengali Poetry
9 (RLIN) 179514
942 ## - ADDED ENTRY ELEMENTS (KOHA)
Source of classification or shelving scheme Dewey Decimal Classification
Koha item type Books
Holdings
Lost status Source of classification or shelving scheme Damaged status Not for loan Collection code Permanent Location Current Location Shelving location Date acquired Source of acquisition Cost, normal purchase price Total Checkouts Full call number Date last seen Copy number Koha item type
  Dewey Decimal Classification   Not For Loan Non-fiction Central Library, University of Rajshahi Central Library, University of Rajshahi Reading Room 27/04/2011 Author, Rajshahi. 50.00   B 891.441 AHB 2009 30/01/2017 C-1 Books